000 00564nam a2200205Ia 4500
005 20250326141737.0
008 250326s9999 xx 000 0 und d
020 _a81-7141-041-3
037 _aTextbook
040 _aFMSL
_beng
_cFMSL
041 _aeng
_2eng
084 _aX:89ZB(Y31) M9.1
_qFMSL
100 _aRayudu C S
_9305727
245 0 _aManagement of rural development
_cRayudu C S
260 _aDelhi
_bDelhi, Discovery
_c1989
300 _a471p
490 _vVol I
942 _cTB
_hX:89ZB(Y31) M9.1
999 _c1291761
_d1291761